000 01717cam a22004814i 4500
003 PE-LiUPU
005 20250731172957.0
008 150623s r 000 0 d
020 _a0801021561
035 _a(Sirsi) i9780801021565
040 _aPE-LiUPU
_bspa
_cPE-LiUPU
_erda
049 _aPRUA
082 0 4 _a225.61
_bE45
_221
100 1 _aElwell, Walter A.,
_eautor.
245 1 0 _aEncountering the New Testament :
_ba historical and theological survey /
_cWalter A. Elwell.
264 1 _aMichigan :
_bBaker Books,
_c1998.
300 _a448 páginas :
_bilustraciones fotos, mapas ;
_c25.5 centímetros
300 _aCD
336 _atext
_2rdacontent
337 _aunmediated
_2rdamedia
338 _avolume
_2rdacarrier
490 0 _aEncountering Biblical Studies
504 _aBibliografía al final de cada capítulo.
505 0 _aEncountering Jesus and the Gospels. -Encountering Acts and the earliest church. -Encountering Paul and his epistles. -Encountering the general epistles and the apocalypse.
526 _aSEG42
526 _aSEG41
526 _aSEG40
526 _aSEG39
526 _aP94
526 _aP87
526 _aP86
526 _aP85
526 _aP77
526 _aP76
526 _aP35
630 _aBiblia.
_pN.T.
_xIntroducciones.
942 _2ddc
_cBOOK
949 _a225.61 E45
_wDEWEY
_c1
_i45356
_lCCODEBUL1
_mBUL
_r0
_sY
_tBOOK
_u2015-6-24
_xTEOLOGIA
_PP35
_0COMPRA
_o.STAFF. Colección General
994 _aC0
_bPEPRU
596 _a1
999 _a225.61 E45
_wDEWEY
_c22219
_i45356
_d22219
_f2021-11-9
_g5
_lCCODEBUL1
_mBUL
_q1
_r0
_sY
_tBOOK
_u2015-6-24
_xTEOLOGIA
_PP35
_0COMPRA
_o.STAFF. Colección General
980 _81
_gALBERTO SANCHEZ Responsable de Automatización